[Event "CHI-ch U20"]
[Site "Quirihue"]
[Date "2022.01.21"]
[Round "8"]
[White "Palma Munoz, Oscar"]
[Black "Rios Campos, Pablo Antonio"]
[Result "1-0"]
[WhiteElo "1587"]
[BlackElo "1471"]
[PlyCount "47"]
[EventDate "2022.01.17"]
[EventType "swiss"]
[EventRounds "9"]
[EventCountry "CHI"]
[SourceTitle "CBM 206 Extra"]
[Source "ChessBase"]
[SourceDate "2022.03.31"]
[SourceVersion "1"]
[SourceVersionDate "2022.03.31"]
[SourceQuality "1"]

1. d4 d5 2. c4 c6 3. Nf3 Nf6 4. g3 Bf5 5. Qb3 Qc8 6. Nc3 e6 7. Bg2 Bd6 8. Nh4 Be4 9. Nxe4 Nxe4 10. 0-0 h6 11. Qc2 Nf6 12. cxd5 exd5 13. Nf5 Bf8 14. Bf4 Qe6 15. Bh3 Qe4 16. Qd2 Kd8 17. Be5 Ng4 18. f3 Qxf5 19. Bxg4 Qg6 20. Bxb8 Rxb8 21. Qa5+ Ke8 22. Qc7 Bd6 23. Qd7+ Kf8 24. e4 1-0

[Event "South America-ch U14 13th"]
[Site "Santiago de Chile"]
[Date "2016.12.01"]
[Round "1"]
[White "Titichoca Daza, Daniel Henry"]
[Black "Rios Campos, Pablo Antonio"]
[Result "1-0"]
[WhiteElo "1882"]
[BlackElo "1442"]
[PlyCount "55"]
[EventDate "2016.12.01"]
[EventType "swiss"]
[EventRounds "9"]
[EventCountry "CHI"]
[SourceTitle "EXT 2018"]
[Source "ChessBase"]
[SourceDate "2017.10.13"]
[SourceVersion "1"]
[SourceVersionDate "2017.10.13"]
[SourceQuality "1"]

1. e4 e5 2. Nf3 Nc6 3. Bb5 a6 4. Ba4 Nf6 5. d3 b5 6. Bb3 g6 7. Ng5 d5 8. exd5 Nd4 9. d6 Nxb3 10. dxc7 Qxc7 11. axb3 Bb7 12. 0-0 Bg7 13. Nc3 0-0 14. Qe2 Rfe8 15. Nge4 Nxe4 16. dxe4 Rac8 17. Rd1 Red8 18. Bg5 f6 19. Rxd8+ Rxd8 20. Be3 Bf8 21. Nd5 Bxd5 22. exd5 Qb7 23. c4 Bb4 24. Rd1 bxc4 25. bxc4 Qc7 26. c5 Qa5 27. d6 Bxc5 28. Qc4+ 1-0